000 00335nam a2200145Ia 4500
008 230718s9999 xx 000 0 und d
041 _aEng.
082 _a320.53
_bBUN-S
100 _aBunce valerie
245 0 _aSubversive instructions
260 _aPakistan
_bCambridge Prun
_c1993
300 _a670
650 _aLaw
999 _c26751
_d26751